Score 0/14 Timer 01:30
1 Play Today
% Correct
Fantasy
89.8%
Vice
88.1%
Sands
82.3%
Beyond
76.6%
Kingdom
74.6%
Sons
71.6%
Commando
71.3%
% Correct
Raccoonus
64.8%
Shadow
63.4%
Takedown
62.3%
King
56.2%
Awakening
54.8%
Legacy
49.7%
Galaxy
39.3%

Today's Daily Dose

Remove Ads.
Support Sporcle.
Get the best of Sporcle when you Go Orange. This ad-free experience offers more features, more stats, and more fun while also helping to support Sporcle. Thank you for becoming a member.

You're not logged in!

Compare scores with friends on all Sporcle quizzes.
OR
Log In

Show Comments

Extras

Top Quizzes Today


Score Distribution

Your Account Isn't Verified!

In order to create a playlist on Sporcle, you need to verify the email address you used during registration. Go to your Sporcle Settings to finish the process.

Report this User

Report this user for behavior that violates our Community Guidelines.

Details: